<?xml version="1.0" encoding="UTF-8"?>
<record
    xmlns:xsi="http://www.w3.org/2001/XMLSchema-instance"
    xsi:schemaLocation="http://www.loc.gov/MARC21/slim http://www.loc.gov/standards/marcxml/schema/MARC21slim.xsd"
    xmlns="http://www.loc.gov/MARC21/slim">

  <leader>00580nam a22001697a 4500</leader>
  <datafield tag="999" ind1=" " ind2=" ">
    <subfield code="c">59301</subfield>
    <subfield code="d">59300</subfield>
  </datafield>
  <controlfield tag="005">20230116122129.0</controlfield>
  <controlfield tag="008">230116c2022    enk||||| |||| 00| 0 eng d</controlfield>
  <datafield tag="041" ind1=" " ind2=" ">
    <subfield code="a">eng</subfield>
  </datafield>
  <datafield tag="245" ind1=" " ind2=" ">
    <subfield code="a">International Journal of American Linguistics :</subfield>
    <subfield code="b">2022 /</subfield>
    <subfield code="c">Editor : David Beck, Fernando Zuniga. </subfield>
  </datafield>
  <datafield tag="260" ind1=" " ind2=" ">
    <subfield code="a">Chicago, </subfield>
    <subfield code="c">2022.</subfield>
  </datafield>
  <datafield tag="300" ind1=" " ind2=" ">
    <subfield code="a">V.</subfield>
    <subfield code="b">28 cm.</subfield>
  </datafield>
  <datafield tag="653" ind1=" " ind2=" ">
    <subfield code="a">&#x10DA;&#x10D8;&#x10DC;&#x10D2;&#x10D5;&#x10D8;&#x10E1;&#x10E2;&#x10D8;&#x10D9;&#x10D0;</subfield>
  </datafield>
  <datafield tag="653" ind1=" " ind2=" ">
    <subfield code="a">&#x10DE;&#x10D4;&#x10E0;&#x10D8;&#x10DD;&#x10D3;&#x10D8;&#x10D9;&#x10D0;</subfield>
  </datafield>
  <datafield tag="700" ind1=" " ind2=" ">
    <subfield code="a">Beck, David </subfield>
    <subfield code="e">&#x10E0;&#x10D4;&#x10D3;&#x10D0;&#x10E5;&#x10E2;&#x10DD;&#x10E0;&#x10D8;</subfield>
    <subfield code="9">5279</subfield>
  </datafield>
  <datafield tag="700" ind1=" " ind2=" ">
    <subfield code="a">Zuniga, Fernando</subfield>
    <subfield code="e">&#x10E0;&#x10D4;&#x10D3;&#x10D0;&#x10E5;&#x10E2;&#x10DD;&#x10E0;&#x10D8;</subfield>
    <subfield code="9">16675</subfield>
  </datafield>
  <datafield tag="942" ind1=" " ind2=" ">
    <subfield code="2">udc</subfield>
    <subfield code="c">CR</subfield>
  </datafield>
  <datafield tag="952" ind1=" " ind2=" ">
    <subfield code="0">0</subfield>
    <subfield code="1">0</subfield>
    <subfield code="2">udc</subfield>
    <subfield code="4">0</subfield>
    <subfield code="7">0</subfield>
    <subfield code="9">93400</subfield>
    <subfield code="a">CPL</subfield>
    <subfield code="b">CPL</subfield>
    <subfield code="c">GEN</subfield>
    <subfield code="d">2023-01-16</subfield>
    <subfield code="h">Volume 88, # 1, january 2022</subfield>
    <subfield code="p">80963 &#x10DE;&#x10D4;&#x10E0;.</subfield>
    <subfield code="r">2023-01-16</subfield>
    <subfield code="t">80963</subfield>
    <subfield code="w">2023-01-16</subfield>
    <subfield code="y">CR</subfield>
  </datafield>
  <datafield tag="952" ind1=" " ind2=" ">
    <subfield code="0">0</subfield>
    <subfield code="1">0</subfield>
    <subfield code="2">udc</subfield>
    <subfield code="4">0</subfield>
    <subfield code="7">0</subfield>
    <subfield code="9">93401</subfield>
    <subfield code="a">CPL</subfield>
    <subfield code="b">CPL</subfield>
    <subfield code="c">GEN</subfield>
    <subfield code="d">2023-01-16</subfield>
    <subfield code="h">Volume 88, # 2, April 2022</subfield>
    <subfield code="p">80962 &#x10DE;&#x10D4;&#x10E0;.</subfield>
    <subfield code="r">2023-01-16</subfield>
    <subfield code="t">80962</subfield>
    <subfield code="w">2023-01-16</subfield>
    <subfield code="y">CR</subfield>
  </datafield>
  <datafield tag="952" ind1=" " ind2=" ">
    <subfield code="0">0</subfield>
    <subfield code="1">0</subfield>
    <subfield code="2">udc</subfield>
    <subfield code="4">0</subfield>
    <subfield code="7">0</subfield>
    <subfield code="9">93402</subfield>
    <subfield code="a">CPL</subfield>
    <subfield code="b">CPL</subfield>
    <subfield code="c">GEN</subfield>
    <subfield code="d">2023-01-16</subfield>
    <subfield code="h">Volume 88, # 3, July 2022</subfield>
    <subfield code="p">80964 &#x10DE;&#x10D4;&#x10E0;.</subfield>
    <subfield code="r">2023-01-16</subfield>
    <subfield code="t">80964</subfield>
    <subfield code="w">2023-01-16</subfield>
    <subfield code="y">CR</subfield>
  </datafield>
  <datafield tag="952" ind1=" " ind2=" ">
    <subfield code="0">0</subfield>
    <subfield code="1">0</subfield>
    <subfield code="2">udc</subfield>
    <subfield code="4">0</subfield>
    <subfield code="7">0</subfield>
    <subfield code="9">93403</subfield>
    <subfield code="a">CPL</subfield>
    <subfield code="b">CPL</subfield>
    <subfield code="c">GEN</subfield>
    <subfield code="d">2023-01-16</subfield>
    <subfield code="h">Volume 88, # 4, October 2022</subfield>
    <subfield code="p">80965 &#x10DE;&#x10D4;&#x10E0;.</subfield>
    <subfield code="r">2023-01-16</subfield>
    <subfield code="t">80965</subfield>
    <subfield code="w">2023-01-16</subfield>
    <subfield code="y">CR</subfield>
  </datafield>
</record>
